Nguyên tắc cơ bản của kế toán Mỹ : Mô hình kế toán cơ bản
Trình bày mô hình kế toán cơ bản, kế toán thương mại và sổ sách báo cáo kế toán.
Spremljeno u:
| Glavni autor: | |
|---|---|
| Format: | Knjiga |
| Jezik: | Undetermined |
| Izdano: |
Thành phố Hồ Chí Minh
Trường Đại học kinh tế
1993
|
| Teme: | |
| Oznake: |
Dodaj oznaku
Bez oznaka, Budi prvi tko označuje ovaj zapis!
|
| Thư viện lưu trữ: | Trung tâm Học liệu Trường Đại học Cần Thơ |
|---|
| LEADER | 00731nam a2200205Ia 4500 | ||
|---|---|---|---|
| 001 | CTU_11194 | ||
| 008 | 210402s9999 xx 000 0 und d | ||
| 082 | |a 657 | ||
| 082 | |b A545/T.1 | ||
| 100 | |a Anderson | ||
| 245 | 0 | |a Nguyên tắc cơ bản của kế toán Mỹ : | |
| 245 | 0 | |b Mô hình kế toán cơ bản | |
| 245 | 0 | |c Anderson, Needles | |
| 260 | |a Thành phố Hồ Chí Minh | ||
| 260 | |b Trường Đại học kinh tế | ||
| 260 | |c 1993 | ||
| 520 | |a Trình bày mô hình kế toán cơ bản, kế toán thương mại và sổ sách báo cáo kế toán. | ||
| 650 | |a Accounting | ||
| 904 | |i Năm | ||
| 980 | |a Trung tâm Học liệu Trường Đại học Cần Thơ | ||